| 000 | 00803nam a2200217 a 4500 | ||
|---|---|---|---|
| 003 | 0 | ||
| 005 | 20250311082529.0 | ||
| 008 | 080730s19uu xx 00 eng d | ||
| 050 |
_aPGS LB 1050.455 _b.B352 2008 |
||
| 100 | _aBautista, Julius. | ||
| 245 |
_aVocabulary knowledge and reading comprehension / _cJulius Bautista. |
||
| 260 |
_aLas PiƱas City, Philippines : _bSouthville International School and Colleges, _c2008. |
||
| 300 |
_a24 pages : _billustrations ; _c28 cm. |
||
| 504 | _aIncludes bibliographical references. | ||
| 650 |
_aVocabulary _vStudy and teaching. |
||
| 650 | _aReading comprehension. | ||
| 650 |
_aReading _vPsychological aspects. |
||
| 650 | _aLanguage acquisition and reading skills. | ||
| 650 | _aLexical knowledge and comprehension. | ||
| 942 |
_2lcc _cPASS |
||
| 999 |
_c97983 _d97983 |
||